000 00800nam a2200229 a 4500
001 55483
003 BD-RjUL
005 20211209080255.0
008 800724s1938 ii b 000 0 eng
035 _a(BD-RjUL) 55606
040 _aDLC
_cLU
_dBD-RjUL
_beng
041 _aeng
082 _223
_a330.09541
_bMUC 1938
100 1 _aMukerjee, Radhakamal,
_d1889-
_9165278
245 1 4 _aThe changing face of Bengal :
_ba study in riverine economy /
_cby Radhakamal Mukerjee.
260 _aCalcutta :
_bThe University of Calcutta,
_c1938.
300 _aviii, 288 p. :
_bill, ;
_c25 cm.
490 0 _aCalcutta university readership lectures
651 0 _aBengal (India)
_xEconomic conditions.
_9119005
651 0 _aGanges River Valley (India and Bangladesh)
_xEconomic conditions.
_9165279
942 _2ddc
_cBK
999 _c55483
_d55483